Wszystkie minigry Huga z Polsatu - Statystyki

Ogólne statystyki
  • Ten quiz został rozwiązany 56 razy
  • Średni wynik to 12 z 18
Statystyki odpowiedzi
Seria Tytuł Minigry % Poprawnych
Hugo Hugokopter
95%
Hugo Struś
92%
Hugo Liany
89%
Hugo Wulkan
84%
Family Bitwa Żuków
73%
Hugo Diamentowa Gorączka
73%
Agent Motorówka
73%
Hugo Czarodziejskie Zwierciadło
68%
Agent Skakanie po Beczkach
68%
Hugo Szalona Jazda
68%
Family Pamięć
65%
Agent Bitwa Powietrzna
62%
Hugo Tajemnice Oceanu
57%
Family Jeżobranie
46%
Finał Magia
46%
Tropikalna Wyspa 1 Małpi Interes
46%
Finał Dźwignie
43%
Agent Podniebny Surfer
32%
Nie znaleziono quizów pasujących do podanych kryteriów
Rozkład punktacji
Procent ludzi z każdym wynikiem
Percentyl według liczby udzielonych odpowiedzi
Twoja historia wyników
Nie rozwiązałeś tego quizu